[Event "Figueres op Rapid"]
[Site "Figueres"]
[Date "2015.08.09"]
[Round "8.5"]
[White "Saurina Suner, Francesc Xavier"]
[Black "Huici Bentue, David"]
[Result "1-0"]
[WhiteElo "2133"]
[BlackElo "2165"]
[PlyCount "68"]
[EventDate "2015.08.09"]
[EventType "swiss (rapid)"]
[EventRounds "9"]
[EventCountry "ESP"]
[SourceTitle "EXT 2024"]
[Source "ChessBase"]
[SourceDate "2023.10.10"]
[SourceVersion "1"]
[SourceVersionDate "2023.10.10"]
[SourceQuality "1"]

1. e4 d5 2. exd5 Qxd5 3. Nc3 Qd8 4. Nf3 c6 5. d4 Nf6 6. Bc4 Bf5 7. 0-0 e6 8. Bg5 Be7 9. h3 Nbd7 10. Re1 0-0 11. Nh4 Qa5 12. Bd2 Qb4 13. Nxf5 Qxc4 14. Nxe7+ Kh8 15. Ne2 Rfe8 16. b3 Qa6 17. Nxc6 Qxc6 18. c4 Ne4 19. Be3 Ndf6 20. f3 Nd6 21. Ng3 Rad8 22. Rc1 Qc7 23. Bf4 Qa5 24. Re2 h5 25. Bxd6 Rxd6 26. Ne4 Rd7 27. Nxf6 gxf6 28. Rcc2 Red8 29. Re4 Qb6 30. c5 Qa5 31. Rh4 Rd5 32. f4 Rxc5 33. Rxc5 Qb6 34. Ra5 Qxa5 1-0

[Event "Santa Eugenia op 10th"]
[Site "Santa Eugenia"]
[Date "2015.??.??"]
[Round "6"]
[White "Huici Bentue, David"]
[Black "Salagran Ferragut, Guillem"]
[Result "1-0"]
[WhiteElo "2139"]
[BlackElo "2196"]
[PlyCount "55"]
[EventDate "2015.04.17"]
[EventType "swiss"]
[EventRounds "9"]
[EventCountry "ESP"]
[SourceTitle "EXT 2016"]
[Source "ChessBase"]
[SourceDate "2015.10.08"]
[SourceVersion "1"]
[SourceVersionDate "2015.10.08"]
[SourceQuality "1"]

1. e4 e6 2. d4 d5 3. exd5 exd5 4. Nf3 Bd6 5. c4 Nf6 6. c5 Be7 7. Ne5 0-0 8. Bd3 b6 9. c6 Qd6 10. Qc2 Qb4+ 11. Qc3 Ng4 12. Bd2 Nxe5 13. dxe5 Qa4 14. 0-0 Qxc6 15. Qb3 Nd7 16. Rc1 Qe6 17. Qc2 g6 18. Qxc7 Nc5 19. Bb5 Bd7 20. Rxc5 Bxc5 21. Bxd7 Qe7 22. Nc3 Qh4 23. Rf1 Qc4 24. Qc6 Rac8 25. Qxd5 Qxd5 26. Nxd5 Rcd8 27. Bh6 Rxd7 28. Nf6+ 1-0

[Event "Girona Territorial-ch"]
[Site "Girona"]
[Date "2014.11.30"]
[Round "9"]
[White "Huici Bentue, David"]
[Black "Salagran Ferragut, Guillem"]
[Result "0-1"]
[WhiteElo "2148"]
[BlackElo "2168"]
[PlyCount "86"]
[EventDate "2014.10.05"]
[EventType "swiss"]
[EventRounds "9"]
[EventCountry "CAT"]
[SourceTitle "CBM 163 Extra"]
[Source "ChessBase"]
[SourceDate "2014.12.23"]
[SourceVersion "1"]
[SourceVersionDate "2014.12.23"]
[SourceQuality "1"]

1. e4 c5 2. Nc3 Nc6 3. g3 g6 4. Bg2 Bg7 5. d3 d6 6. Be3 Rb8 7. Qd2 b5 8. Nge2 b4 9. Nd1 Bd7 10. 0-0 Nf6 11. Bh6 0-0 12. Bxg7 Kxg7 13. Ne3 Qb6 14. h3 a5 15. Kh2 a4 16. f4 b3 17. Nc4 Qc7 18. axb3 axb3 19. c3 Be6 20. Ne3 Ra8 21. d4 Rxa1 22. Rxa1 Nb8 23. d5 Bc8 24. c4 e5 25. f5 Na6 26. Qc3 Qb6 27. Ra3 Bd7 28. Rxb3 Nb4 29. g4 g5 30. Nc2 Ba4 31. Nxb4 Bxb3 32. Qe3 h6 33. Qxb3 cxb4 34. Nc1 Ra8 35. Nd3 Ra1 36. c5 dxc5 37. Nxe5 Qd6 38. Qg3 Rd1 39. h4 gxh4 40. Qf4 Nd7 41. Nd3 Qxf4+ 42. Nxf4 c4 43. Ne2 Rd2 0-1

[Event "Girona Territorial-ch"]
[Site "Girona"]
[Date "2014.10.05"]
[Round "1"]
[White "Huici Bentue, David"]
[Black "Camprubi Juanola, Jaume"]
[Result "1-0"]
[WhiteElo "2148"]
[BlackElo "1842"]
[PlyCount "103"]
[EventDate "2014.10.05"]
[EventType "swiss"]
[EventRounds "9"]
[EventCountry "CAT"]
[SourceTitle "CBM 163 Extra"]
[Source "ChessBase"]
[SourceDate "2014.12.23"]
[SourceVersion "1"]
[SourceVersionDate "2014.12.23"]
[SourceQuality "1"]

1. e4 e6 2. d4 d5 3. exd5 exd5 4. Nf3 Nf6 5. Ne5 Bd6 6. Bg5 Qe7 7. f4 Bg4 8. Be2 Bxe2 9. Qxe2 0-0 10. Nc3 c6 11. 0-0 Qd8 12. Rae1 Be7 13. Ng4 Nbd7 14. Qxe7 Nxg4 15. Qxd8 Raxd8 16. Bxd8 Rxd8 17. Re7 Kf8 18. Rfe1 a6 19. Nd1 b6 20. c3 c5 21. Nf2 Ngf6 22. R7e2 cxd4 23. cxd4 Re8 24. Rxe8+ Nxe8 25. Nd3 a5 26. Rc1 Ke7 27. Ne5 f6 28. Nxd7 Kxd7 29. Rc3 Nc7 30. Rh3 h6 31. Rg3 Ne6 32. f5 Nxd4 33. Rxg7+ Kc8 34. Rg6 Nxf5 35. Rxf6 Ne7 36. Rxb6 d4 37. Rd6 Nf5 38. Rd5 Ne3 39. Rxd4 a4 40. Rxa4 h5 41. Ra7 h4 42. Kf2 h3 43. Kxe3 hxg2 44. Kf2 Kb8 45. Rh7 Kc8 46. Kxg2 Kd8 47. Kf3 Ke8 48. Kf4 Kf8 49. Kf5 Kg8 50. Ra7 Kf8 51. Ke6 Ke8 52. Ra8# 1-0

[Event "Girona op 2nd"]
[Site "Girona"]
[Date "2011.07.21"]
[Round "8"]
[White "Colomer Camarasa, Jordi"]
[Black "Huici Bentue, David"]
[Result "0-1"]
[WhiteElo "1947"]
[BlackElo "2079"]
[PlyCount "67"]
[EventDate "2011.07.14"]
[EventType "swiss"]
[EventRounds "9"]
[EventCountry "ESP"]
[SourceTitle "CBM 143 Extra"]
[Source "ChessBase"]
[SourceDate "2011.08.29"]
[SourceVersion "1"]
[SourceVersionDate "2011.08.29"]
[SourceQuality "1"]

1. Nc3 d5 2. e4 e6 3. d4 Nc6 4. exd5 exd5 5. Bf4 Bd6 6. Nxd5 Bxf4 7. Nxf4 Nxd4 8. c3 Qe7+ 9. Be2 Nxe2 10. Qxe2 Bg4 11. f3 Bd7 12. 0-0-0 0-0-0 13. Qxe7 Nxe7 14. Ngh3 h6 15. Rhe1 Rhe8 16. Nf2 Nf5 17. Ne4 Nh4 18. Rg1 Bc6 19. Rxd8+ Kxd8 20. Nd2 g5 21. Nd3 Re7 22. Ne1 f5 23. Kc2 g4 24. fxg4 fxg4 25. Kd3 Re6 26. g3 Nf5 27. Ng2 Ke7 28. Nf4 Rd6+ 29. Kc2 Kf6 30. Nc4 Rd7 31. Rd1 b5 32. Na5 Ne3+ 33. Kc1 Nxd1 34. Nxc6 0-1

[Event "Girona op 2nd"]
[Site "Girona"]
[Date "2011.07.15"]
[Round "2"]
[White "Alarcon Pages, Salvador"]
[Black "Huici Bentue, David"]
[Result "0-1"]
[WhiteElo "1739"]
[BlackElo "2079"]
[PlyCount "54"]
[EventDate "2011.07.14"]
[EventType "swiss"]
[EventRounds "9"]
[EventCountry "ESP"]
[SourceTitle "CBM 143 Extra"]
[Source "ChessBase"]
[SourceDate "2011.08.29"]
[SourceVersion "1"]
[SourceVersionDate "2011.08.29"]
[SourceQuality "1"]

1. e4 c6 2. d4 d5 3. exd5 cxd5 4. Nf3 Nc6 5. Be2 Nf6 6. 0-0 Bf5 7. Bg5 Qb6 8. b3 e6 9. a4 Be7 10. Be3 Ng4 11. c4 0-0 12. c5 Qc7 13. Qd2 Nxe3 14. Qxe3 Nb4 15. Na3 b6 16. cxb6 Qxb6 17. Ne5 Rfc8 18. Rfc1 Qb7 19. Bd1 h6 20. g4 Be4 21. f4 f6 22. Nf3 Rxc1 23. Rxc1 Nd3 24. Ra1 Bxa3 25. Rxa3 Qc7 26. f5 exf5 27. gxf5 Rc8 0-1

[Event "Vilanova op 37th"]
[Site "Salt"]
[Date "2011.06.17"]
[Round "8.7"]
[White "Blanco Esquena, Ramon"]
[Black "Huici Bentue, David"]
[Result "0-1"]
[WhiteElo "1820"]
[BlackElo "2076"]
[PlyCount "62"]
[EventDate "2011.04.29"]
[EventType "swiss"]
[EventRounds "9"]
[EventCountry "ESP"]
[SourceTitle "EXT 2024"]
[Source "ChessBase"]
[SourceDate "2023.10.10"]
[SourceVersion "1"]
[SourceVersionDate "2023.10.10"]
[SourceQuality "1"]

1. e4 d5 2. exd5 Qxd5 3. Nc3 Qd8 4. d4 c6 5. Bc4 Nf6 6. Nf3 e6 7. Ne5 Nbd7 8. f4 Bb4 9. 0-0 0-0 10. Nxf7 Rxf7 11. Bxe6 Nb6 12. Bxf7+ Kxf7 13. Re1 Bg4 14. Qd3 Qd7 15. Re5 Bd6 16. h3 Bxe5 17. fxe5 Bf5 18. Qf3 Qxd4+ 19. Be3 Qxe5 20. Rf1 Nbd5 21. Nxd5 cxd5 22. g4 Be4 23. Qf2 h6 24. Bd4 Qe6 25. Qh4 Rf8 26. Bxf6 gxf6 27. Qxh6 Rg8 28. g5 Bf5 29. h4 Ke7 30. Kf2 fxg5 31. Re1 Be4 0-1

[Event "Vilanova op 37th"]
[Site "Salt"]
[Date "2011.06.10"]
[Round "7.9"]
[White "Volkov, Vladimir"]
[Black "Huici Bentue, David"]
[Result "0-1"]
[WhiteElo "1791"]
[BlackElo "2076"]
[PlyCount "92"]
[EventDate "2011.04.29"]
[EventType "swiss"]
[EventRounds "9"]
[EventCountry "ESP"]
[SourceTitle "EXT 2024"]
[Source "ChessBase"]
[SourceDate "2023.10.10"]
[SourceVersion "1"]
[SourceVersionDate "2023.10.10"]
[SourceQuality "1"]

1. e4 c6 2. d4 d5 3. exd5 cxd5 4. Bd3 Nc6 5. c3 Nf6 6. Bf4 Bg4 7. Qb3 Qd7 8. Nd2 e6 9. Ngf3 Bd6 10. Ne5 Qc7 11. 0-0 Nh5 12. Nxg4 Nxf4 13. Qc2 Nxd3 14. Qxd3 h5 15. Qh3 0-0-0 16. Ne3 Kb8 17. g3 g5 18. Rfb1 f5 19. Qg2 g4 20. f4 h4 21. Qf2 hxg3 22. hxg3 Rh3 23. Kg2 Rdh8 24. Rh1 Qh7 25. Qg1 Qg7 26. Qf2 Qh6 27. Qg1 e5 28. Nxf5 Rxh1 29. Qxh1 Qf8 30. Qb1 exf4 31. Nxd6 f3+ 32. Kg1 Qh6 33. Nf1 Qh1+ 34. Kf2 Qg2+ 35. Ke3 Qe2+ 36. Kf4 Rf8+ 37. Nf5 f2 38. N1e3 Ne7 39. Ke5 Rxf5+ 40. Kd6 Qxe3 41. Qh1 Rf6+ 42. Kc5 Qe6 43. Kb4 Qb6+ 44. Ka3 Qa6+ 45. Kb3 f1Q 46. Qh8+ Nc8 0-1